000 00677nam a2200253Ia 4500
003 OSt
005 20220912151504.0
006 a|||||r|||| 00| 0
007 ta
008 220909b |||||||| |||| 00| 0 eng d
024 _a23867
037 _cTextual
040 _aCSL
_beng
_cCSL
041 _aeng
082 _aB43, L51 TTB
100 _aAndreotti Aldo
245 0 _aComplexes of partial differential operators
260 _aLondon
_bYale University
_c1975
300 _a49p.
_ccm.
500 _aBibliography 48-49p
650 _aDifferential equations
942 _hB43, L51 TTB
_cTEXL
_2CC
999 _c69776
_d69776